MARC details
| 000 -LEADER |
| fixed length control field |
02568nam a22004334i 4500 |
| 001 - CONTROL NUMBER |
| control field |
FLC17b0056 |
| 003 - CONTROL NUMBER IDENTIFIER |
| control field |
CoBoFLC |
| 005 - DATE AND TIME OF LATEST TRANSACTION |
| control field |
20180727215703.0 |
| 008 - FIXED-LENGTH DATA ELEMENTS--GENERAL INFORMATION |
| fixed length control field |
170719s2017 inua j 000 0 eng d |
| 020 ## - INTERNATIONAL STANDARD BOOK NUMBER |
| International Standard Book Number |
9781480842427 (hardcover) |
| 020 ## - INTERNATIONAL STANDARD BOOK NUMBER |
| International Standard Book Number |
1480842427 (hardcover) |
| 040 ## - CATALOGING SOURCE |
| Original cataloging agency |
CoBoFLC |
| Language of cataloging |
eng |
| Description conventions |
rda |
| Transcribing agency |
CoBoFLC |
| 041 ## - LANGUAGE CODE |
| Language code of text/sound track or separate title |
spa |
| 082 04 - DEWEY DECIMAL CLASSIFICATION NUMBER |
| Classification number |
811/.6 |
| Edition number |
23 |
| 100 1# - MAIN ENTRY--PERSONAL NAME |
| Personal name |
Chavez, Jose, |
| Relator term |
author. |
| 245 10 - TITLE STATEMENT |
| Title |
Estrellitas y nopales = |
| Remainder of title |
Little stars and cactus : (A bilingual poetry book for children) / |
| Statement of responsibility, etc. |
Jose Chavez ; illustrated by Aydee Lopez Martinez. |
| 246 ## - VARYING FORM OF TITLE |
| Title proper/short title |
Little stars and cactus |
| 260 ## - PUBLICATION, DISTRIBUTION, ETC. (IMPRINT) |
| Place of publication, distribution, etc. |
Bloomington, Indiana : |
| Name of publisher, distributor, etc. |
Archway Publishing, |
| Date of publication, distribution, etc. |
c2017. |
| 264 #1 - PRODUCTION, PUBLICATION, DISTRIBUTION, MANUFACTURE, AND COPYRIGHT NOTICE |
| Place of production, publication, distribution, manufacture |
Bloomington, Indiana : |
| Name of producer, publisher, distributor, manufacturer |
Archway Publishing, |
| Date of production, publication, distribution, manufacture, or copyright notice |
[2017] |
| 264 #4 - PRODUCTION, PUBLICATION, DISTRIBUTION, MANUFACTURE, AND COPYRIGHT NOTICE |
| Date of production, publication, distribution, manufacture, or copyright notice |
c2017. |
| 300 ## - PHYSICAL DESCRIPTION |
| Extent |
29 pages : |
| Other physical details |
color illustrations ; |
| Dimensions |
29 cm. |
| 500 ## - GENERAL NOTE |
| General note |
Poems. |
| 520 ## - SUMMARY, ETC. |
| Summary, etc. |
En su primera recopilaci©đn de poes©Ưas biling©ơes para ni©łos, Jos©♭ Chavez comparte reflexiones l©Ưricas que iluminan a un joven M©♭xico-Americano que ve las estrellas bailar en el cielo nocturno, anhela navegar a M©♭xico, pinta la sonrisa de su madre, y le encanta el chile verde de su abuela. Con dos gatas y un cochinito amistoso, que lo acompa©łan, el ni©ło curioso emprende un viaje a trav©♭s de su imaginaci©đn mientras contempla lo que hacen las estrellas durante el d©Ưa, y piensa en preguntas para el planeta Saturno. |
| 520 ## - SUMMARY, ETC. |
| Summary, etc. |
In his first collection of bilingual poetry for children, JosE Chavez shares lyrical reflections that shine a light on a young Mexican-American boy who sees stars dance across the night sky, longs to sail to Mexico, paints his mother's smile, and loves his grandmother's green chile stew. With two cats and a friendly pig to keep him company, the curious boy embarks on a journey through his imagination as he contemplates what stars do in the daytime, and thinks of questions for the planet Saturn. |
| 546 ## - LANGUAGE NOTE |
| Language note |
Parallel text in Spanish and English. |
| 650 #0 - SUBJECT ADDED ENTRY--TOPICAL TERM |
| Topical term or geographic name as entry element |
Mexican American boys |
| Form subdivision |
Juvenile poetry. |
| 650 #0 - SUBJECT ADDED ENTRY--TOPICAL TERM |
| Topical term or geographic name as entry element |
Imagination |
| Form subdivision |
Juvenile poetry. |
| 650 #0 - SUBJECT ADDED ENTRY--TOPICAL TERM |
| Topical term or geographic name as entry element |
Imagination in children |
| Form subdivision |
Juvenile poetry. |
| 650 #0 - SUBJECT ADDED ENTRY--TOPICAL TERM |
| Topical term or geographic name as entry element |
American poetry |
| General subdivision |
Mexican American authors |
| Form subdivision |
Juvenile literature. |
| 655 #0 - INDEX TERM--GENRE/FORM |
| Genre/form data or focus term |
Poetry. |
| 655 #7 - INDEX TERM--GENRE/FORM |
| Genre/form data or focus term |
Poesia. |
| Source of term |
bidex. |
| 655 #0 - INDEX TERM--GENRE/FORM |
| Genre/form data or focus term |
Spanish language materials |
| General subdivision |
Bilingual. |
| 655 #0 - INDEX TERM--GENRE/FORM |
| Genre/form data or focus term |
Bilingual books. |
| 655 #7 - INDEX TERM--GENRE/FORM |
| Genre/form data or focus term |
Materiales en espanol |
| General subdivision |
Bilingue. |
| Source of term |
local. |
| 655 #7 - INDEX TERM--GENRE/FORM |
| Genre/form data or focus term |
Libros bilingues. |
| Source of term |
local. |
| 655 #1 - INDEX TERM--GENRE/FORM |
| Genre/form data or focus term |
Spanish language materials. |
| 655 #7 - INDEX TERM--GENRE/FORM |
| Genre/form data or focus term |
Materiales en espanol. |
| Source of term |
local. |
| 942 ## - ADDED ENTRY ELEMENTS (KOHA) |
| Koha item type |
Libro/Book |